| 000 | 00431nam a2200109Ia 4500 | ||
|---|---|---|---|
| 008 | 160909s9999 xx 000 0 und d | ||
| 100 | _aTillotson, Kenyon F. | ||
| 245 | 3 | _aAn Exploratory Study of Factors Eliciting VA Employee No-Show Behavior In Veterans Affairs Employee Development Courses | |
| 260 |
_bUniversity of South Florida. _c2016 |
||
| 650 | _aTOURISM | ||
| 856 | _uhttp://pqdtopen.proquest.com/doc/1794656561.html?FMT=ABS | ||
| 999 |
_c304921 _d304921 |
||